The research process : a complete guide and reference for writers (Second edition) (Record no. 56331)

MARC details
000 -LEADER
fixed length control field 00658nam a2200169 a 4500
008 - FIXED-LENGTH DATA ELEMENTS--GENERAL INFORMATION
fixed length control field 210401s2000 ||||||||||||||||| || u
020 ## - INTERNATIONAL STANDARD BOOK NUMBER
International Standard Book Number 9780767411394
050 ## - LIBRARY OF CONGRESS CALL NUMBER
Classification number LB 2369 Man
100 ## - MAIN ENTRY--PERSONAL NAME
Personal name Maner, Martin
245 14 - TITLE STATEMENT
Title The research process : a complete guide and reference for writers (Second edition)
Statement of responsibility, etc. By Martin Maner
250 ## - EDITION STATEMENT
Edition statement Second edition
260 ## - PUBLICATION, DISTRIBUTION, ETC.
Place of publication, distribution, etc. New York
Name of publisher, distributor, etc. McGraw-Hill Higher Education
Date of publication, distribution, etc. 2000
300 ## - PHYSICAL DESCRIPTION
Extent xx, 386 pages
650 #0 - SUBJECT ADDED ENTRY--TOPICAL TERM
Topical term or geographic name entry element REPORT WRITING
650 #0 - SUBJECT ADDED ENTRY--TOPICAL TERM
Topical term or geographic name entry element RESEARCH
995 ## - RECOMMENDATION 995 [LOCAL, UNIMARC FRANCE]
-- 32.86
-- CBU-MAIN LIBRARY (Kitwe)
-- 1
-- AVAILABLE
-- Apr 7, 2021
-- Main Library Open Access Collection
Holdings
Withdrawn status Lost status Source of classification or shelving scheme Damaged status Not for loan Home library Current library Shelving location Date acquired Total Checkouts Full call number Barcode Date last seen Price effective from Koha item type
          CBU-MAIN LIBRARY, KITWE. CBU-MAIN LIBRARY, KITWE.   11/30/2022   LB 2369 Man 750899 11/30/2022 11/30/2022 MONOGRAPH